LEADER 01155nam a2200253 i 4500 001 000000145117 003 CaOOAMICUS 005 20051116000000.0 008 051116s1956 fr u000 u fre u 013 $a120509 040 $aSeMil$bita 100 1 $aVanhoutte, Maurice.$0(OLS)http://semarc/name/57886 245 13$aLa méthode ontologique de Platon /$cpar Maurice Vanhoutte. 260 $aParis :$bBéatrice-Nauwelaerts,$c1956. 260 $aLouvain :$bPublications Universitaires de Louvain,$c1956. 300 $a193 p. ;$c24 cm. 490 0 $aBibliothèque philosophique de Louvain ;$v18 650 4$aPlatone - Ontologia.$0(OLS)http://semarc/subject/28399 830 0$aBibliothèque philosophique de Louvain ;$v18.$0(OLS)http://semarc/title/8156 850 $aSeMil 852 $aSeMil$W1$xVenegono$y1$m2R V 109$j97938$B97938$CSeMilBibl$Z2$F105803 $81 996 $6245$aLa méthode ontologique de Platon$9(OLS)http://semarc/title/212259 996 $6260$aLouvain :$bPublications Universitaires de Louvain$9(OLS)http://semarc/publisher/33199 996 $6260$aParis :$bBéatrice-Nauwelaerts$9(OLS)http://semarc/publisher/32492 LEADER 01242nam a2200277 i 4500 001 000000333321 003 CaOOAMICUS 005 20210330114436.0 008 190410s2018 it u000 u mul u 013 $a209147 020 $a978-88-922-1476-7 040 $aSeMil$bita 041 $aita$agrc 245 00$aSapienza :$bintroduzione, traduzione e commento /$ca cura di Vittoria D'Alario. 260 $aCinisello Balsamo :$bSan Paolo,$c2018. 300 $a262 p. ;$c22 cm. 490 0 $aNuova versione della Bibbia dai testi antichi ;$v33 650 4$aBibbia. Antico testamento. Sapienza - Commentari, studi, critica, interpretazioni.$0(OLS)http://semarc/subject/2660 700 1 $aD'Alario, Vittoria.$0(OLS)http://semarc/name/20595 830 0$aNuova versione della Bibbia dai testi antichi ;$v33.$0(OLS)http://semarc/title/32532 850 $aSeMil 852 $aSeMil$W1$xVenegono$y1$m2XA E 33$j230496$B225436$CSeMilBibl$Z2$F225436 $81 996 $6020$a978-88-922-1476-7$9(OLS)http://semarc/number/287116 996 $6245$aSapienza :$bintroduzione, traduzione e commento$9(OLS)http://semarc/title/422724 996 $6260$aCinisello Balsamo :$bSan Paolo$9(OLS)http://semarc/publisher/30129